Jääkiekkoon liittyviä ryhmiä - Statistics

Yleistilastot
  • Tätä visaa on pelattu 305 kertaa
  • Keskiarvotulos 19 / 37
Vastaustilastot
% Oikein
Sarjatasot Suomessa Mestis
96%
Sarjatasot Suomessa Liiga
95%
CHL-mestaruuden voittaneet maat Suomi
92%
PuLa-Aho Sebastian Aho
81%
PuLa-Aho Patrik Laine
80%
PuLa-Aho Jesse Puljujärvi
78%
Leijonien MM- kultakapteenit Mikko Koivu
77%
Tupu, Hupu ja Lupu Saku Koivu
77%
Sarjatasot Suomessa Suomi-sarja
77%
CHL-mestaruudenvoittaneet maat Ruotsi
76%
Leijonien MM- kultakapteenit Marko Anttila
75%
Leijonien MM-kultakapteenit Timo Jutila
70%
CHL-mestaruuden voittaneet maat Sveitsi
69%
Original Six
(ensimmäiset
NHL-joukkueet)
Montreal Canadiens
65%
NHL:n joukkuepalkinnot Stanley Cup
65%
Original Six(ensimmäiset NHL-joukkueet) Boston Bruins
62%
Tupu, Hupu ja Lupu Ville Peltonen
62%
Tupu, Hupu ja Lupu Jere Lehtinen
61%
Original Six
(ensimmäiset
NHL-joukkueet)
Toronto Maple Leafs
61%
Sarjatasot Suomessa II-divisioona
60%
Original Six (ensimmäiset NHL-joukkueet) New York Rangers
60%
Sarjatasot Suomessa III-divisioona
58%
Sarjatasot Suomessa IV-divisioona
54%
Sarjatasot Suomessa V-divisioona
53%
Leijonien MM- kultakapteenit Valtteri Filppula
51%
Original Six (ensimmäiset NHL-joukkueet) Chicago Blackhawks
50%
Original Six (ensimmäiset NHL-joukkueet) Detroit Red Wings
42%
Teletappi-ketju Niko Kapanen
17%
NHL:n joukkuepalkinnot Presidents' Trophy
16%
Teletappi-ketju Jukka Hentunen
15%
Teletappi-ketju Timo Pärssinen
15%
KHL-divisioonat Bobrov
4%
KHL-divisioonat Harlamov
3%
KHL-divisioonat Tarasov
3%
NHL:n joukkuepalkinnot Clarence S. Campbell Bowl
1%
NHL:n joukkuepalkinnot Prince of Wales Trophy
1%
KHL-divisioonat Tšernyšov
0%
Ehtoja vastaavia visoja ei löytynyt
Tulosjakauma
Jokaisen tuloksen saaneiden osuus
Persentiili vastausten määrän mukaan
Tuloshistoriasi
Et ole pelannut tätä visaa